Družstevné články a skúsenosti

Bibliographic Details
Main Author: Hečko, František, 1905-1960 (Author)
Format: Book
Language:Slovak
PhysicalDescription:97 strán 23 cm
Published: V Bratislave Družstevné vydavateľstvo 1942
Edition:II. vydanie
Series:Knižnica Ústredného družstva
Subjects:

MARC

LEADER 00000cam a2200000 a 4500
001 vtls008373188
003 SK-MaSNL
005 20260426012730.0
008 250313s1942 xo gr 000 0 slo
015 |a SNBA19421945-042/0812 
020 |q (brožované) 
035 |a SK01SNKBKSD220010065405 
035 |a urn:nbn:sk:snk-am3i4zl 
035 |a 8F2A7305-DD96-473F-8423-186F517810AF 
035 |a urn:nbn:sk:snk-am00dka2 
035 |a SKM000067868 
040 |a SNK  |b slo  |c SNK  |e AACR2 
041 0 |a slo 
043 |a e-xo--- 
044 |a xo  |c SK 
080 |a 334  |2 1981 
100 1 |a Hečko, František,  |d 1905-1960  |4 aut  |9 106870 
245 1 0 |a Družstevné články a skúsenosti  |c napísal: František Hečko 
250 |a II. vydanie 
260 |a V Bratislave  |b Družstevné vydavateľstvo  |c 1942  |e Bratislava  |f Slovenská ľudová kníhtlačiareň 
300 |a 97 strán  |c 23 cm 
490 1 |a Knižnica Ústredného družstva  |v sväzok 3 
504 |a Obsahuje poznámky 
650 0 7 |a družstevníctvo  |2 SNKPH  |9 2134 
650 0 7 |a družstvá  |2 SNKPH  |9 2107 
651 7 |a Slovensko  |2 SNKPHgeo  |9 14231 
655 7 |a články  |2 SNKPH  |9 70601 
752 |a Slovensko  |d Bratislava 
830 0 |a Knižnica Ústredného družstva  |9 423985 
852 |a Slovenská národná knižnica 
958 |a RK 
958 |a TL 
958 |a OND 
999 |c 1104367  |d 1106297 
952 |a SNK  |b SNK  |y PREZ  |7 0  |p 17A0775876  |o snkSC 5191/3  |i snk1950/54  |0 0  |1 0  |4 0  |d 2019-03-12  |f 1  |l 0  |r 2025-07-04 00:00:00  |w 2026-02-24